<?xml version="1.0" encoding="UTF-8"?><?xml-stylesheet type="text/xsl" href="static/style.xsl"?><OAI-PMH xmlns="http://www.openarchives.org/OAI/2.0/" xmlns:xsi="http://www.w3.org/2001/XMLSchema-instance" xsi:schemaLocation="http://www.openarchives.org/OAI/2.0/ http://www.openarchives.org/OAI/2.0/OAI-PMH.xsd"><responseDate>2026-06-02T02:04:34Z</responseDate><request verb="GetRecord" identifier="oai:riuma.uma.es:10630/23218" metadataPrefix="marc">https://riuma.uma.es/rest/oai/request</request><GetRecord><record><header><identifier>oai:riuma.uma.es:10630/23218</identifier><datestamp>2026-02-03T11:46:12Z</datestamp><setSpec>com_10630_2254</setSpec><setSpec>col_10630_37959</setSpec></header><metadata><record xmlns="http://www.loc.gov/MARC21/slim" xmlns:dcterms="http://purl.org/dc/terms/" xmlns:doc="http://www.lyncode.com/xoai" xmlns:xsi="http://www.w3.org/2001/XMLSchema-instance" xsi:schemaLocation="http://www.loc.gov/MARC21/slim http://www.loc.gov/standards/marcxml/schema/MARC21slim.xsd">
   <leader>00925njm 22002777a 4500</leader>
   <datafield ind2=" " ind1=" " tag="042">
      <subfield code="a">dc</subfield>
   </datafield>
   <datafield ind2=" " ind1=" " tag="720">
      <subfield code="a">Felipe-Morales, Andrea</subfield>
      <subfield code="e">author</subfield>
   </datafield>
   <datafield ind2=" " ind1=" " tag="720">
      <subfield code="a">Cremades-García, Raúl</subfield>
      <subfield code="e">author</subfield>
   </datafield>
   <datafield ind2=" " ind1=" " tag="720">
      <subfield code="a">Rodríguez-Ayllón, Jesús Alejandro</subfield>
      <subfield code="e">author</subfield>
   </datafield>
   <datafield ind2=" " ind1=" " tag="720">
      <subfield code="a">Fortes Sánchez, Miguel</subfield>
      <subfield code="e">author</subfield>
   </datafield>
   <datafield ind2=" " ind1=" " tag="260">
      <subfield code="c">2021</subfield>
   </datafield>
   <datafield ind2=" " ind1=" " tag="520">
      <subfield code="a">En la presente comunicación se analiza una estrategia docente de gamificación denominada Laberinto BEAL: breakout para la animación a la lectura, elaborada y puesta en práctica durante el curso 2020-21 con el alumnado de la asignatura optativa Biblioteca escolar y animación a la lectura del Grado en Educación Primaria de la Universidad de Málaga (N=138). Se trata de un recorrido online con nueve actividades, en forma de pistas, que deben elaborarse correctamente para alcanzar el acceso a la contraseña final que posibilitará la apertura del candado digital de un cofre con un objeto simbólico. El hilo conductor de las actividades es el universo de Harry Potter, aunque los desafíos planteados abordan el conocimiento y la lectura de una gran variedad de textos –literarios o no– que no se limitan a los de la saga creada por J. K. Rowling, relacionados, asimismo, con otras materias o áreas temáticas, como las Artes y la Naturaleza. &#xd;
&#xd;
El objetivo principal de esta investigación es conocer y valorar el grado de eficacia de dicha estrategia docente según la opinión y experiencia del propio alumnado participante. Los principales factores que pueden determinar esta eficacia son: el trabajo cooperativo; el uso de herramientas digitales y tecnológicas innovadoras; el fomento de la participación del alumnado; el desarrollo de estrategias cognitivas para resolver problemas; el fomento de la motivación; y, por último, las diferencias entre el tratamiento de contenidos de la asignatura de modo tradicional e innovador.&#xd;
&#xd;
La metodología utilizada ha sido el planteamiento de un cuestionario previo, la puesta en práctica del breakout educativo y la realización de un cuestionario final. Tras el análisis de los datos y los resultados se aportan una serie de conclusiones que, en términos generales, demuestran ampliamente el logro de los objetivos planteados con esta estrategia, que resultan coherentes con los desafíos del Espacio Europeo de Educación Superior (EEES).</subfield>
   </datafield>
   <datafield ind1="8" ind2=" " tag="024">
      <subfield code="a">https://hdl.handle.net/10630/23218</subfield>
   </datafield>
   <datafield tag="653" ind2=" " ind1=" ">
      <subfield code="a">Innovación educativa</subfield>
   </datafield>
   <datafield tag="653" ind2=" " ind1=" ">
      <subfield code="a">Animación a la lectura</subfield>
   </datafield>
   <datafield tag="653" ind2=" " ind1=" ">
      <subfield code="a">Profesores - Formación</subfield>
   </datafield>
   <datafield tag="653" ind2=" " ind1=" ">
      <subfield code="a">Universidad de Málaga - Grado en Educación primaria</subfield>
   </datafield>
   <datafield ind2="0" ind1="0" tag="245">
      <subfield code="a">La microgamificación aplicada a la formación docente inicial: el breakout educativo para la adquisición de competencias</subfield>
   </datafield>
</record>
</metadata></record></GetRecord></OAI-PMH>